LEADER 08279nam 2200421 450 001 9910633923403321 005 20230414224220.0 010 $a3-031-05625-6 035 $a(MiAaPQ)EBC7152391 035 $a(Au-PeEL)EBL7152391 035 $a(CKB)25607672900041 035 $a(EXLCZ)9925607672900041 100 $a20230414d2022 uy 0 101 0 $aeng 135 $aurcnu|||||||| 181 $ctxt$2rdacontent 182 $cc$2rdamedia 183 $acr$2rdacarrier 200 00$aAdvances in cosmology /$fedited by Marilena Streit-Bianchi 210 1$aCham, Switzerland :$cSpringer,$d[2022] 210 4$d©2022 215 $a1 online resource (382 pages) 311 08$aPrint version: Streit-Bianchi, Marilena Advances in Cosmology Cham : Springer International Publishing AG,c2023 9783031056246 327 $aIntro -- Foreword -- Preface -- Acknowledgements -- Contents -- About the Editors -- From Astronomy to Modern Cosmology -- Looking at the Sky: From Pythagoras to Einstein Through Galileo and Newton -- 1 Prelude -- 2 A Name, an Idea -- 3 Aristotle and the Ptolemaic World -- 4 The Copernican Revolution -- 5 The Galileo Affair -- 6 Never at Rest: Newton -- 7 Albert Einstein, the New Magellan -- 8 The Fate of the Universe -- References -- The Role of Quantum Mechanics in Modern Cosmology -- 1 Introduction and Summary -- 2 Hot Big Bang Cosmology and Its Shortcomings -- 3 A Simple Solution: Inflation! -- 4 The Crucial Role of Quantum Mechanics -- 5 The True Place of the Big Bang in Modern Cosmology -- 6 Before Inflation ? -- References -- Modern Cosmology, an Amuse-Gueule -- 1 Evidence for the Big Bang -- 1.1 Hubble Expansion -- 1.2 Cosmic Microwave Background -- 1.3 Primordial Nucleosynthesis -- 2 Concordance Model of Cosmology -- 2.1 Visible Matter -- 2.2 Dark Matter -- 2.3 Dark Energy -- 3 History of the Universe -- 3.1 Initial Conditions -- 3.2 Hot Thermal Phase -- 3.3 Structure Formation -- 4 Status and Prospects -- References -- The Search for Dark Matter, Dark Energy, Black Holes, Star Formation and Other Cosmological Searches-Accelerators -- Introduction to Dark Matter Searches at CERN -- 1 Introduction -- 2 Particle Physics Realisations -- 2.1 Full Models -- 2.2 Simplified Models -- 3 Dark Matter at Collider: Signature Spaces -- 4 Looking for Dark Matter at Colliders -- 4.1 Dark Matter Searches at Energy Frontier -- 4.2 Dark Matter Searches at Intensity Frontier -- 4.3 Dark Matter Searches at Lifetime Frontier -- 5 Looking for Dark Matter in Astrophysical Experiments -- 5.1 Alpha Magnetic Spectrometer (AMS) -- 5.2 CERN Axion Solar Telescope (CAST) -- 6 Conclusion -- References -- Searching for Dark Matter with the ATLAS Detector. 327 $a1 Introduction -- 2 How Dark Matter Appears in the ATLAS Detector -- 3 What Kinds of Dark Matter Could ATLAS Detect? -- 4 ATLAS Experimental Techniques and Results -- 4.1 Searches for Dark Matter Particles Associated to the Higgs Boson -- 4.2 From Measuring Invisible Particles to MET+X Searches -- 4.3 From MET+X Searches to Searches for Visible Mediator Decays -- 4.4 Searches for Supersymmetric Dark Matter Particles -- 4.5 Searches for Non-WIMP Dark Matter Particles -- 5 Connecting ATLAS Searches to Astrophysical Searches in WIMP Scenarios -- 5.1 Considerations on Dark Matter Relic Density for the Comparison of Astrophysics Searches and Collider Searches -- 6 Outlook: Where Do We Go From Here? -- References -- Searching for Dark Matter with the CMS Detector -- 1 Introduction -- 2 Simplified Models and Extensions -- 3 The Invisible Through the Visible -- 4 Higgs Boson: Extended Sectors and Invisible Decays -- 4.1 Two-Higgs Doublet Extensions -- 4.2 Higgs Boson a Portal to the Invisible -- References -- Probing Stealth Dark Sectors with LHCb -- 1 The Beautifulness of Flavor -- 2 On the Hunt for Dark and Light -- 3 Dark Sectors, Quarks, and Jets -- 4 Matter, Antimatter and Dark Matter -- 5 Contributing to the Hunt for Dark Matter -- References -- Hunting Dark Matter Axions with CAST -- 1 Introduction -- 2 Methodology -- 3 Results -- 4 Conclusions -- References -- FASER: The Lifetime Frontier at the LHC and the Search for Dark Matter -- 1 The FASER Detector -- 2 Installation -- 3 Outlook -- References -- BASE-Testing Fundamental Symmetries by High Precision Comparisons of the Properties of Antiprotons and Protons -- 1 Introduction -- 2 The Standard Model Extension -- 3 CERN's Antimatter Program and Other Tests of CPT Invariance -- 4 BASE-Penning Traps and Measurement Concepts -- 5 The BASE Trap Stack -- 6 Antiproton Lifetime. 327 $a7 Charge-to-Mass Ratio Measurements and Tests of the Weak Equivalence Principle -- 8 Magnetic Moment Measurements -- 9 Constraints on Antimatter/Dark Matter Interaction -- 10 BASE CDM-Superconducting Haloscope -- 11 Future Technologies -- 11.1 Transportable Antimatter Traps -- 11.2 Laser-Cooling -- 11.3 Quantum Logic Spectroscopy -- 12 Summary and Conclusions -- References -- NA64-Search for Dark Sector Particles -- 1 Introduction -- 2 NA64 Experiment -- 2.1 Principle of the Experiment -- 3 Current Results of the NA64 A' rightarrow Invisible Search Experiment -- 4 Additional Searches for Dark Particles -- 5 Summary -- References -- Space Searches -- The AMS Experiment on the International Space Station -- 1 Introduction -- 2 The AMS Experiment -- 2.1 The Detector -- 3 AMS Results over 10 Years of Data Taking -- 3.1 Results on CR Leptons -- 3.2 Results on CR Nuclei -- 4 Results on Solar Modulation of CR -- 5 Conclusions -- References -- The Right Key -- 1 Back to the Beginning -- 2 The Key Tooling -- 3 Planning and Preparing -- 4 Lift-Off and the "Opening Act" -- 5 The Nail-Biter -- 6 The Money Run -- 7 The Closing Act -- References -- Gravitational Waves -- Gravitational Waves: Why and How -- 1 Introduction -- 2 The Discovery of the Century: A New Gateway to the Cosmos -- 3 Why -- 4 How -- 4.1 An Endless Struggle -- 5 GW150914 and GW170817 -- 6 Arts and Science -- 7 Conclusion -- References -- Underground Searches of Dark Matter -- Under the Gran Sasso -- 1 Introduction -- 2 WIMP Dark Matter -- 3 The Direct Detection of WIMPs -- 4 Key Enabling Technologies -- 5 Solid State Detectors -- 6 Noble Liquid Detectors -- 6.1 Xenon -- 6.2 Argon -- 6.3 Conclusions -- References -- Optical Astronomy -- Big Telescopes and Observatories: Hi-Tech Challenges for Great Astronomical Science -- 1 Ancient Astronomy -- 2 The Telescope -- 3 Extragalactic Astronomy. 327 $a4 A Dark Discovery -- 5 A Key Discovery that Lead to an Even Darker Discovery -- 6 Multi Messenger Astronomy -- 7 Modern Astronomy -- 8 High-Technology Challenges -- 9 Better Sites and New Technology Telescopes -- 10 Adaptive Optics -- 11 Operational Challenges -- 12 What Next? -- 13 Conclusions -- References -- Other Worlds in the Cosmos: From Philosophy to Scientific Reality -- 1 Other Worlds in the Cosmos-An Ancient Philosophical Questioning -- 1.1 Change of Paradigm During the Second Half of the Twentieth Century -- 2 Doppler Spectroscopy as a Path to the Detection of Exoplanets -- 3 The Discovery of 51 Pegasi B -- 4 The Orbital Migration and the Observed Diversity of Planetary Systems -- 5 Insights from Planetary Transit Searches -- 6 Planetary Atmospheres -- 7 Upper Atmospheres -- 8 Planet Formation -- 9 The Search for Life -- References -- Philosophy -- Time, Space and Matter in the Primordial Universe -- 1 Introduction -- 2 Time -- 3 Space -- 4 Matter -- 5 Conclusions -- References -- Art -- The Shore Between Art and Science -- 1 Introduction -- 2 Research and Divulgation -- 3 Beauty -- 4 Intuition -- 5 Synergy Between Art and Science -- 6 Cosmology and Art -- 6.1 Supernova -- 6.2 Dark Matter -- 6.3 Dark Energy -- 6.4 Multiverse -- 7 Interaction Between Art and Science-Inside and Outside the Work of Art -- 7.1 Searching the Unknown -- 7.2 Quintessence -- 8 Conclusions -- References. 606 $aCosmology$xHistory 615 0$aCosmology$xHistory. 676 $a895.6093538 702 $aStreit-Bianchi$b Marilena$f1945- 801 0$bMiAaPQ 801 1$bMiAaPQ 801 2$bMiAaPQ 906 $aBOOK 912 $a9910633923403321 996 $aAdvances in cosmology$93088830 997 $aUNINA LEADER 04928nam 2200673 450 001 9910787645703321 005 20230725040008.0 010 $a3-95553-171-6 024 7 $a10.11129/detail.9783955531713 035 $a(CKB)2670000000432672 035 $a(EBL)1075580 035 $a(OCoLC)862786234 035 $a(SSID)ssj0000993644 035 $a(PQKBManifestationID)11567928 035 $a(PQKBTitleCode)TC0000993644 035 $a(PQKBWorkID)10956634 035 $a(PQKB)10177165 035 $a(MiAaPQ)EBC1075580 035 $a(DE-B1597)208009 035 $a(OCoLC)1013947201 035 $a(OCoLC)958035884 035 $a(DE-B1597)9783955531713 035 $a(Au-PeEL)EBL1075580 035 $a(CaPaEBR)ebr11004392 035 $a(EXLCZ)992670000000432672 100 $a20150119h20102010 uy 0 101 0 $aeng 135 $aurnn#---|u||u 181 $ctxt 182 $cc 183 $acr 200 00$aInnovative design + construction $emanufacturing and design synergies in the building process /$fwith contributions by Herwig Barf [and twenty five others] ; translator, Roderick O'Donovan 210 1$aMunich, Germany :$cInstitut fu?r internationale,$d2010. 210 4$d©2010 215 $a1 online resource (114 p.) 225 1 $aDETAIL Development 300 $aDescription based upon print version of record. 311 $a3-920034-33-3 320 $aIncludes bibliographical references. 327 $tFront matter --$tContents --$tINTRODUCTION --$tForeword /$rSchittich, Christian --$tInnovative Architecture - Research and Development /$rBehling, Stefan / Fuchs, Andreas --$tCooperation between Producers and Designers /$rBrensing, Christian --$tPortrait --$tSTEEL AND GLASS CONSTRUCTIONS --$tEuropean Investment Bank, Luxembourg --$tDesign and Implementation /$rIngenhoven, Christian --$tEnergy Concept and Facade Design /$rBarf, Herwig / Jurenka, Michael --$tFire Protection Planning /$rKlingsch, Wolfram / Rettner, Rebecca --$tStructure and Teamwork --$tWestfield London /$rPassam, Laura --$tDigital Process Chain from Design to Execution /$rKnippers, Jan / Helbig, Thorsten --$tThe Westfield Roof - from Concept to Fitting /$rHartl, Günter --$tThe Role of the Facade Consultant --$tMinimised shell structures - Challenges and Prospects /$rLudwig, Josef J. --$tFOILS AND MEMBRANES --$tAllianz Arena, Munich --$tFrom the Idea to the Detail --$tRoof Structure and Vertical Facade /$rFindeiß, Rudolf / Pravida, Johann / Stepan, Kurt --$tDesign Aspects of ETFE Foil Cushions /$rMoritz, Karsten --$tDevelopment of Lightweight Building Shells /$rMoritz, Karsten --$tELEMENT FACADES --$tThe Future of the Element Facade --$t7 More London: Developing the Production of the Aluminium Element Facade /$rFauland, Andreas --$tConstruction Management --$tTender Process and Design --$tFacades of High-Rise Buildings - Trends and Tendencies /$rWimer, Ross --$tSTRUCTURAL USE OF GLASS --$tInnovative Processes in the All-Glass Sector /$rKassnel-Henneberg, Bruno --$tPossible Applications of Cold-bending --$tFascinated by Glass --$tGlass Bridge and Glass Staircase: Applied Research Projects /$rBehling, Stefan / Fuchs, Andreas --$tDeveloping the Details --$tThe Floating Seat --$tTriPyramid Structures /$rEliassen, Tim --$tChallenges and Potential of Structural Glass --$tTESTING AND INSPECTION PROCEDURES --$tTesting and Inspection Procedures --$tLIST OF SEELE PROJECTS ? APPENDIX 330 $aHow is innovative architecture created? How can efficient synergies between planners and manufacturers be achieved? And how does an enterprise such as seele, with its proven high-level qualifications in the area of steel and glass, respond to planners' design ideas? These are just some of the questions answered in ""Innovative Design + Construction"", the new publication in the DETAIL development series. Using prestigious international projects as examples, the book explains the working philosophy and approach of the seele company, which stands for innovation in construction and customised solu 410 0$aDETAIL development. 606 $aArchitectural design 606 $aArchitectural design$xManagement 606 $aConstruction projects$xManagement 615 0$aArchitectural design. 615 0$aArchitectural design$xManagement. 615 0$aConstruction projects$xManagement. 676 $a729 700 $aBehling$b Stefan$4aut$4http://id.loc.gov/vocabulary/relators/aut$0770601 702 $aBarf$b Herwig 702 $aO'Donovan$b Roderick 801 0$bMiAaPQ 801 1$bMiAaPQ 801 2$bMiAaPQ 906 $aBOOK 912 $a9910787645703321 996 $aInnovative design + construction$93713124 997 $aUNINA